00530nam a2200193Ia 4500003000400000005001700004008004100021040000700062041000800069082001600077100002500093245002400118260001700142300000900159650002000168942001300188999001900201952011600220OSt20251028105941.0250729s1909 xx 000 0 und d cAL aeng a418.02 NICE aNichol L L D9223473 aEnglish composition aLondonc1909 a128p aEnglish9223474 2ddccBED c235924d235924 00104070aALbALd2025-07-29eManagement Booksl0o418.02 NICEpBED01243r2025-07-29 16:54:26w2025-07-29yBK